Giáo trình kí sinh trùng thú y

Zapisane w:
Opis bibliograficzny
1. autor: Trịnh Văn Thịnh
Format: Książka
Język:Undetermined
Wydane: Hà nội Nông Nghiệp 1982
Hasła przedmiotowe:
Etykiety: Dodaj etykietę
Nie ma etykietki, Dołącz pierwszą etykiete!
Thư viện lưu trữ: Trung tâm Học liệu Trường Đại học Cần Thơ
LEADER 00539nam a2200181Ia 4500
001 CTU_13990
008 210402s9999 xx 000 0 und d
082 |a 636.089696 
082 |b Th312g 
100 |a Trịnh Văn Thịnh 
245 0 |a Giáo trình kí sinh trùng thú y 
245 0 |c Trịnh Văn Thịnh, Phan Trọng Cung 
260 |a Hà nội 
260 |b Nông Nghiệp 
260 |c 1982 
650 |a veterinary parasitology 
904 |i Minh, 961219 
980 |a Trung tâm Học liệu Trường Đại học Cần Thơ